000 00876nam a2200313 4500
001 411315
003 DO-SdBNP
005 20180220130119.0
007 411315
008 940805s1993 sp | ||| ||spa
016 7 _a
_2BPMSU
017 _a
_b
020 _a8434822806
035 _a
040 _aBPMSU
_bspa
_cBPMSU
_e
080 0 _a
100 1 _aPosadas, Carmen,
_d1953-
_eilustraciones
245 1 0 _aHipo canta /
_cCarmen de Posadas ; ilustraciones de Asun Balzola
_h
250 _a5ยช ed.
260 _aMadrid :
_bSM,
_c1993
300 _a61 p. ;
_bil. :
_c20 cm.
440 3 _aEl barco de vapor.
490 1 _aEl barco de vapor. Serie blanca
_v17
700 1 2 _aBalzola, Asun,
_d1942-2006
_eil.
830 0 _aEl barco de vapor
_pblanca
_v17
942 _2ddc
_cBK
945 _aInventariado, 2018 /LP
956 _aVMATEO
_b10
_c20151126
_d00151
_hBPMSU
999 _c8938
_d8938